[Event "NRW-Liga II 9899"]
[Site "GER"]
[Date "1999.??.??"]
[Round "8"]
[White "Rott, Georg"]
[Black "Peschel, Andreas"]
[Result "1/2-1/2"]
[WhiteElo "2200"]
[BlackElo "2175"]

1.e4 c5 2.c3 Nf6 3.e5 Nd5 4.d4 cxd4 5.Nf3 e6 6.cxd4 b6 7.Nc3 Nxc3 8.bxc3 Qc7
9.Bd2 d6 10.Bd3 Bb7 11.O-O Nd7 12.Bf4 dxe5 13.Bxe5 Bd6 14.Re1 Bxe5 15.Nxe5 Nxe5
16.Rxe5 g6 17.Bb5+ Kf8 18.Qd2 Kg7 19.Rae1 Rad8 20.Ba4 Rd5 21.R5e3 Rg5 22.g3 Rf5
23.Bc2 Rf3 24.Bb3 Rxe3 25.Qxe3 Rc8 26.c4 Rd8 27.d5 exd5 28.cxd5 Qd6 29.Qd4+ Qf6
30.Rd1 Qxd4 31.Rxd4 Kf6 32.f4 Ke7 33.Kf2 Kd6 34.Ke3 Rc8 35.Rd2 Rc5 36.Ke4 f5+
37.Ke3 Bxd5 38.Bxd5 Rxd5 39.Rc2 Kd7 40.Rb2 b5 41.h3 h5 42.g4 hxg4 43.hxg4 fxg4
44.Rg2 g5 45.Rxg4 gxf4+ 46.Rxf4 Kc6 47.Rf6+ Kc5 48.Ra6 Rd7 49.a3 Kc4 50.Ra5 b4
51.axb4 Kxb4 52.Ra6 Kb5 53.Ra1 a5 54.Rb1+ Kc4 55.Rb8 Rd5 56.Ra8 Kb4 57.Rb8+ Kc3
58.Rc8+ Kb3 59.Rb8+ Ka3 60.Ke4 Rd2 61.Ke3 Rb2 62.Ra8 a4 63.Kd3 Kb3 64.Rb8+ Ka2
65.Ra8 a3 66.Kc3 Rb5 67.Kc2 Rc5+ 68.Kd2 Kb3 69.Rb8+ Ka2 70.Ra8 Rh5 71.Kc2 Rh2+
72.Kc1 Rh3 73.Kc2 Ka1 74.Ra7 Rh2+ 75.Kc1 Ka2 76.Ra8 Rh4 77.Kc2 Rc4+ 78.Kd3 Rc1
79.Kd2 Rc5 80.Ra7 Kb2 81.Rb7+ Ka1 82.Ra7 a2 83.Rb7 Rh5 84.Kc1 Rh1+ 85.Kc2 Rb1
86.Rc7 Rb2+ 87.Kc1  1/2-1/2

[Event "GER-ch 11th Seniors"]
[Site "Germany"]
[Date "1999.??.??"]
[Round "?"]
[White "Kripp, Wolfgang"]
[Black "Rosen, Willy"]
[Result "0-1"]
[WhiteElo "2155"]
[BlackElo "2280"]

1.e4 c5 2.c3 Nf6 3.e5 Nd5 4.d4 cxd4 5.cxd4 d6 6.exd6 Qxd6 7.Nc3 Nc6 8.Nf3 e6
9.Nb5 Qb8 10.Bc4 a6 11.Nc3 Nxc3 12.bxc3 b5 13.Bd3 Bb7 14.O-O Be7 15.Re1 O-O
16.Bc2 Qd8 17.Qd3 g6 18.a4 Qd5 19.axb5 axb5 20.Rb1 Ra5 21.Bb3 Qh5 22.Ne5 Rd8
23.Nxf7 Kxf7 24.Rxe6 Ke8 25.d5 Rd7 26.Be3 Nd8 27.Rxe7+ Rxe7 28.Bb6 Ra8 29.Bc5 Qe2
30.Qxe2 Rxe2 31.Kf1 Re5 32.Bd6 Rxd5 33.Re1+ Kd7 34.Bb4 Rh5 35.Re7+ Kc8 36.Bd6 Ra6
37.Rc7+ Kb8 38.Rd7+ Rxd6 39.Rxd6 Kc7 40.Rd3 Rxh2 41.g3 Bc6 42.Re3 Nb7 43.Ke2 Nc5
44.Bc2 Kd6 45.Bb1 g5 46.g4 Bd5 47.Bf5 Bc4+ 48.Ke1 Rh1+ 49.Kd2 Rf1 50.Rf3 Bd5  0-1

[Event "GER-ch 11th Seniors"]
[Site "Germany"]
[Date "1999.??.??"]
[Round "?"]
[White "Fischer, Ernst"]
[Black "Erhart, Uwe"]
[Result "1/2-1/2"]
[WhiteElo "2195"]
[BlackElo "2005"]

1.e4 c5 2.c3 Nf6 3.e5 Nd5 4.d4 cxd4 5.cxd4 Nc6 6.Nf3 d6 7.Be2 e6 8.O-O Be7
9.Bd2 b6 10.Nc3 Nxc3 11.Bxc3 dxe5 12.dxe5 O-O 13.Bd3 Bb7 14.Qc2 g6 15.Rad1 Qc7
16.a3 Rac8 17.Qe2 Rfd8 18.Rfe1 Nb8 19.Rc1 Qd7  1/2-1/2

[Event "DDMM (Women)"]
[Site "Germany"]
[Date "1999.??.??"]
[Round "1.3"]
[White "Herman, Brigitte"]
[Black "Klawonn, Malin"]
[Result "1-0"]
[WhiteElo "2025"]
[BlackElo "1950"]

1.e4 c5 2.c3 Nf6 3.e5 Nd5 4.d4 cxd4 5.Nf3 d6 6.cxd4 Nc6 7.Bc4 Nb6 8.Bb3 dxe5
9.dxe5 Qxd1+ 10.Bxd1 Bg4 11.O-O Rd8 12.Nc3 e6 13.Bf4 Be7 14.h3 Bh5 15.a3 O-O
16.Re1 Rd7 17.Rc1 Rfd8 18.Be2 a6 19.Ne4 Nd5 20.Bg3 Rc7 21.b4 Bg6 22.Nc5 Rdc8
23.Nxb7 Ncxb4 24.Rxc7 Rxc7 25.Nd6 Nc2 26.Rb1 a5 27.Rb8+ Bf8 28.Bh4 Nxa3 29.Bd8 Ra7
30.Nc8 Rd7 31.Bxa5 f6 32.Nb6 Ra7 33.Nxd5 Rxa5 34.Nc7 Bf7 35.Nd4 Ra7 36.Ndxe6 Bxe6
37.Nxe6 Rf7 38.Ra8 fxe5 39.Nxf8 Rxf8 40.Rxa3 Rb8 41.Bc4+ Kf8 42.Ra7 Rb1+
43.Kh2  1-0

[Event "DDMM (Women)"]
[Site "Germany"]
[Date "1999.??.??"]
[Round "3.6"]
[White "Schlosberg, Elisabeth"]
[Black "Fruebing, Simone"]
[Result "1/2-1/2"]
[WhiteElo "2040"]
[BlackElo "1770"]

1.e4 c5 2.c3 Nf6 3.e5 Nd5 4.d4 cxd4 5.Nf3 e6 6.Bc4 Nb6 7.Bb3 dxc3 8.O-O cxb2
9.Bxb2 Nc6 10.Qe2 Be7 11.Nc3 Na5 12.Nb5 Nxb3 13.axb3 a6 14.Nd6+ Bxd6 15.exd6 O-O
16.Nd2 Nd5 17.Qg4 f6 18.Ne4 Rf7 19.Nc3 Nxc3 20.Bxc3 Qb6 21.Qd1 Qc6 22.Rc1 b5
23.Bxf6 Qd5 24.Qxd5 exd5 25.Be7 Bb7 26.Rc7 Bc6 27.Rc1 g6 28.f3 Kg7 29.Bh4 a5
30.R1xc6 dxc6 31.d7 Rxd7 32.Rxd7+ Kg8 33.Rc7 a4 34.bxa4 Rxa4 35.Bf6 Rc4 36.Rg7+ Kf8
37.Rxh7 d4 38.Rd7 c5 39.Rc7 d3 40.Rd7 Rc1+ 41.Kf2 c4 42.Ke3 Re1+ 43.Kd2 Re2+
44.Kc3 Rxg2 45.Kb4  1/2-1/2

[Event "DDMM (Women)"]
[Site "Germany"]
[Date "1999.??.??"]
[Round "4.2"]
[White "Jahn, Constanze"]
[Black "Helm, Leonie"]
[Result "1/2-1/2"]
[WhiteElo "2140"]
[BlackElo "1990"]

1.e4 c5 2.c3 Nf6 3.e5 Nd5 4.d4 cxd4 5.Nf3 Nc6 6.Bc4 e6 7.O-O Nb6 8.Bb3 d6
9.exd6 Qxd6 10.cxd4 Be7 11.Nc3 O-O 12.a3 Rd8 13.Be3 Na5 14.Ba2 Nac4 15.Qe2 Nxe3
16.fxe3 Nd5 17.Ne4 Qb6 18.Nfg5 Bxg5 19.Nxg5 Nf6 20.Rac1 h6 21.Nxf7 Kxf7 22.Qh5+ Kf8
23.Qg6 Qd6 24.Rxf6+ gxf6 25.Qxf6+ Ke8 26.Qg6+ Ke7 27.Qg7+ Ke8  1/2-1/2

[Event "DDMM (Women)"]
[Site "Germany"]
[Date "1999.??.??"]
[Round "5.6"]
[White "Schlosberg, Elisabeth"]
[Black "Muller, Anne"]
[Result "1-0"]
[WhiteElo "2040"]
[BlackElo "2110"]

1.e4 c5 2.c3 Nf6 3.e5 Nd5 4.d4 cxd4 5.Nf3 Nc6 6.Bc4 Nb6 7.Bb3 d6 8.e6 Bxe6
9.Bxe6 fxe6 10.Ng5 Qd7 11.cxd4 Nd5 12.O-O g6 13.Re1 Nd8 14.Qf3 Nf6 15.Nc3 Bg7
16.Qh3 Rc8 17.Nxe6 Nxe6 18.Rxe6 Qd8 19.Bg5 O-O 20.Rae1 Rf7 21.Bxf6 Bxf6 22.Nd5 Kg7
23.Nxf6 exf6 24.Qg3 d5 25.h4 Qc7 26.Qe3 Qc2 27.h5 g5 28.Qh3 h6 29.R6e2 Qc6
30.Qf5 Kf8 31.Qg6 Rg7 32.Qxh6 Rc7 33.Re6 Qa4 34.Qxf6+ Kg8 35.Re8+  1-0

[Event "SWZ-ch"]
[Site "Graechen"]
[Date "1999.??.??"]
[Round "?"]
[White "Ekstroem, Roland"]
[Black "Belotti, Bruno"]
[Result "1-0"]
[WhiteElo "2498"]
[BlackElo "2441"]

1.e4 c5 2.c3 Nf6 3.e5 Nd5 4.Nf3 e6 5.d4 cxd4 6.cxd4 d6 7.Bc4 Nc6 8.O-O Be7
9.exd6 Qxd6 10.Nc3 Nxc3 11.bxc3 O-O 12.Re1 h6 13.Bb3 Bf6 14.Bc2 Ne7 15.Ne5 Nf5
16.Bf4 Qd8 17.h3 Bg5 18.Bh2 Bd7 19.Qf3 Rc8 20.Qxb7 Rc7 21.Qb4 Bd2 22.Nxd7 Rxd7
23.Bxf5 Bxe1 24.Be4 Bd2 25.Bc6 Rc7 26.Bxc7 Qxc7 27.Qb2 Bg5 28.d5 exd5 29.Bxd5 Be7
30.Rb1 Bc5 31.Qe2 Bb6 32.c4 Qf4 33.Rb3 Qd4 34.Rf3 Qa1+ 35.Kh2 Bc7+ 36.g3 Qe5
37.Qc2 Bb6 38.Kg2 Qd6 39.h4 Bc5 40.h5 Qe7 41.Qf5 Qf6 42.Qxf6 gxf6 43.Rxf6 Kg7
44.Rc6 Bd4 45.Rc7 Bb6 46.Rb7 Kf6 47.f4 Bd4 48.Kf3 Bb6 49.a4 Bg1 50.a5 Bd4
51.Rc7  1-0

[Event "SWZ-ch"]
[Site "Graechen"]
[Date "1999.??.??"]
[Round "?"]
[White "Ekstroem, Roland"]
[Black "Golubev, Mihail"]
[Result "1/2-1/2"]
[WhiteElo "2498"]
[BlackElo "2529"]

1.e4 c5 2.c3 Nf6 3.e5 Nd5 4.d4 cxd4 5.cxd4 d6 6.Nf3 Nc6 7.Bc4 Nb6 8.Bb3 d5
9.Be3 Bg4 10.h3 Bh5 11.Nbd2 e6 12.O-O Be7 13.Bc2 O-O 14.Qb1 Bg6 15.Bxg6 fxg6
16.Rc1 a5 17.Qd3 a4 18.Qb5 Ra5 19.Qe2 Qd7 20.Ne1 Nxe5 21.dxe5 d4 22.Bxd4 Qxd4
23.Nef3 Qd7 24.Nc4 Nxc4 25.Rxc4 Rc5 26.Rxc5 Bxc5 27.Rd1 Qc6 28.h4 h6 29.Qd3 Rf5
30.Nd4 Bxd4 31.Qxd4 Kh7 32.g3 Qc2 33.Re1 a3 34.bxa3 Qxa2 35.a4 h5 36.Rc1 Rf3  1/2-1/2

[Event "Gyongyos op"]
[Site "Gyongyos"]
[Date "1999.??.??"]
[Round "5"]
[White "Krivolopov, Konstantin"]
[Black "Foldi, Istvan"]
[Result "1-0"]
[WhiteElo "2395"]
[BlackElo "2370"]

1.e4 c5 2.c3 Nf6 3.e5 Nd5 4.Nf3 e6 5.Bc4 Nb6 6.Bb3 Be7 7.O-O O-O 8.d4 cxd4
9.cxd4 d6 10.Qe2 Bd7 11.Nc3 Bc6 12.Rd1 Na6 13.a3 Nc7 14.Bc2 Re8 15.h4 Rc8
16.Ng5 g6 17.Nxh7 Bxh4 18.Qe3 Kxh7 19.Qh6+ Kg8 20.Rd3 dxe5 21.dxe5 Ncd5 22.Ne4 Qc7
23.Nd6 Bb5 24.Rh3 f5 25.exf6 Bxf6 26.Bxg6 Qg7 27.Bxe8 Qxh6 28.Bf7+ Kf8 29.Bxh6+ Ke7
30.Nxc8+ Nxc8 31.Bg6 Nd6 32.Be3 e5 33.Bc5 Nf4 34.Rd1 Nxg6 35.Rh7+ Ke6 36.Rxd6+ Kf5
37.Rf7  1-0

[Event "Hallsberg opJ"]
[Site "Hallsberg"]
[Date "1999.??.??"]
[Round "1"]
[White "Croonenborghs, Tom"]
[Black "Snarheim, Dagfinn"]
[Result "1-0"]
[WhiteElo "2130"]
[BlackElo "2190"]

1.e4 c5 2.c3 Nf6 3.e5 Nd5 4.d4 cxd4 5.Nf3 Nc6 6.Bc4 Nb6 7.Bb3 d5 8.exd6 Qxd6
9.O-O e6 10.cxd4 Be7 11.Nc3 O-O 12.Bc2 Rd8 13.Be3 e5 14.Ne4 Qc7 15.Neg5 g6
16.Bb3 Nd5 17.Rc1 Bg4 18.Bxd5 Bxg5 19.Qb3 Bxf3 20.Bxf3 Qe7 21.Bxc6 bxc6 22.dxe5 Rab8
23.Bxg5 Qxg5 24.Qc3 Rd2 25.h4 Qh6 26.Rc2 Rxc2 27.Qxc2 Qxh4 28.Qxc6 Rxb2 29.e6 Re2
30.Qe8+ Kg7 31.exf7  1-0

[Event "Basarrate mem-B"]
[Site "Havana"]
[Date "1999.??.??"]
[Round "?"]
[White "Pulido, Ariel"]
[Black "Perez, Osniel"]
[Result "1/2-1/2"]
[WhiteElo "2205"]
[BlackElo "2193"]

1.e4 c5 2.c3 Nf6 3.e5 Nd5 4.d4 cxd4 5.Nf3 e6 6.cxd4 b6 7.Nc3 Nxc3 8.bxc3 Qc7
9.Bb2 Bb7 10.Bd3 d6 11.O-O Nd7 12.exd6 Bxd6 13.c4 O-O-O 14.Qe2 g5 15.Be4 Rhg8
16.Rfc1 g4 17.Nd2 Bxh2+ 18.Kf1 Bf4 19.c5 Kb8 20.c6 Nc5 21.Rxc5 bxc5 22.cxb7 Bxd2
23.Qxd2 g3 24.f3 f5 25.Bd3 cxd4 26.Rc1 Qxb7 27.Ba3 Ka8 28.Rb1 Qc6 29.Rc1 Qb7
30.Qf4 Rc8 31.Rxc8+ Qxc8 32.Qxd4 Rd8 33.Qc4 Qxc4 34.Bxc4 Rd1+ 35.Ke2 Rg1
36.Bxe6 Rxg2+ 37.Ke3 Kb7 38.Kf4 Kc6 39.Bxf5 Rxa2 40.Be4+ Kb6 41.Bc1 g2 42.Be3+ Kc7
43.Kg3 h5 44.Bd5 Ra5 45.Be4 Rg5+ 46.Kh2 Rg8 47.Bxa7 Kd6 48.f4 Ke6 49.Bxg2 Kf5
50.Be3 h4 51.Bh3+ Ke4 52.Bc1 Rg3 53.f5 Rc3 54.Bg5 Rxh3+  1/2-1/2

[Event "Havana Provincial"]
[Site "Havana"]
[Date "1999.??.??"]
[Round "?"]
[White "Gonzalez, Yuri"]
[Black "Almeida, Omar"]
[Result "0-1"]
[WhiteElo "2385"]
[BlackElo "2340"]

1.e4 c5 2.c3 Nf6 3.e5 Nd5 4.Nf3 Nc6 5.Bc4 Nb6 6.Bb3 g6 7.d4 cxd4 8.cxd4 Bg7
9.Nc3 O-O 10.h4 d5 11.h5 Bg4 12.hxg6 fxg6 13.Be3 e6 14.Qe2 a5 15.a3 a4 16.Bc2 Nc4
17.Bxa4 Qb6 18.Rb1 Bxf3 19.gxf3 Nxd4 20.Bxd4 Qxd4 21.Bd7 Qb6 22.Na4 Rxa4
23.Bxa4 Qa5+ 24.Kd1 Qxa4+ 25.b3 Qb5  0-1

[Event "Helsinki We I HSK"]
[Site "Helsinki"]
[Date "1999.??.??"]
[Round "5"]
[White "Maki Uuro, Miikka"]
[Black "Haapasalo, Jukka Pekka"]
[Result "1/2-1/2"]
[WhiteElo "2355"]
[BlackElo "2249"]

1.e4 c5 2.c3 Nf6 3.e5 Nd5 4.Nf3 Nc6 5.Bc4 Nb6 6.Be2 g6 7.d4 cxd4 8.cxd4 Bg7
9.Bf4 Nd5 10.Bg3 d6 11.exd6  1/2-1/2

[Event "HUN-chT9899"]
[Site "HUN"]
[Date "1999.??.??"]
[Round "?"]
[White "Dory, J."]
[Black "Pergel, Laszlo"]
[Result "1/2-1/2"]
[WhiteElo "2340"]
[BlackElo "2245"]

1.e4 c5 2.c3 Nf6 3.e5 Nd5 4.d4 cxd4 5.Nf3 e6 6.cxd4 d6 7.Nc3 Nxc3 8.bxc3 Qc7
9.Bd2 Bd7 10.Bd3 Bc6 11.O-O Bxf3 12.Qxf3 dxe5 13.dxe5 Nc6 14.Bb5 Bc5 15.Bxc6+ Qxc6
16.Qxc6+ bxc6 17.Rab1 O-O 18.Be3 Bxe3 19.fxe3 Rab8 20.Rfd1 g5 21.Kf2  1/2-1/2

[Event "HUN-chT9899"]
[Site "HUN"]
[Date "1999.??.??"]
[Round "?"]
[White "Csato, Eszter"]
[Black "Tancsa, Robert"]
[Result "0-1"]
[WhiteElo "2030"]
[BlackElo "2135"]

1.e4 c5 2.c3 Nf6 3.e5 Nd5 4.d4 cxd4 5.Qxd4 e6 6.Bc4 Nc6 7.Qe4 Nde7 8.Nf3 Ng6
9.Bd3 Qc7 10.Bf4 f6 11.Bg3 Ncxe5 12.Nxe5 Nxe5 13.Be2 d5 14.Qh4 Bd6 15.Bh5+ Nf7
16.Bxf7+ Kxf7 17.Bxd6 Qxd6 18.O-O Bd7 19.Nd2 Rhe8 20.Nf3 Kg8 21.Rad1 Qa6
22.a3 Bb5 23.Rfe1 Be2 24.Rd4 Bd3 25.Rg4 Bf5 26.Rg3 e5 27.Qh6 Bg6 28.Qd2 Qc4
29.h3 Rad8 30.Rg4 Qd3 31.Qc1 Qc2 32.Qa1 Bh5 33.Rg3 d4 34.cxd4 exd4 35.Rc1 Qe4
36.Rc7 Re7 37.Qc1 Bxf3 38.gxf3 Qe1+ 39.Qxe1 Rxe1+ 40.Kh2 g6 41.Rg1 Rxg1 42.Kxg1 d3
43.Rc1 d2 44.Rd1 Kf7 45.Kf1 Ke6 46.Ke2 Kf5 47.h4 Kf4 48.Kf1 Kxf3  0-1

[Event "HUN-chT9899"]
[Site "HUN"]
[Date "1999.??.??"]
[Round "?"]
[White "Estrada Nieto, Julian"]
[Black "Cosma, Ioan"]
[Result "1/2-1/2"]
[WhiteElo "2375"]
[BlackElo "2475"]

1.e4 c5 2.c3 Nf6 3.e5 Nd5 4.Nf3 Nc6 5.Bc4 Nb6 6.Be2 g6 7.d4 cxd4 8.cxd4 Bg7
9.Nc3 O-O 10.Bf4 d6 11.exd6 Nxd4 12.Nxd4 e5 13.Be3 exd4 14.Bxd4 Qxd6 15.Bxg7 Qxd1+
16.Rxd1 Kxg7 17.O-O Bd7 18.Bf3 Bc6 19.Bxc6 bxc6 20.Rd6 Nc4 21.Rxc6 Nxb2 22.Rb1 Rfc8
23.Rxc8 Rxc8 24.Rxb2 Rxc3 25.Kf1 h5 26.h4 Ra3 27.Rc2 Kh6 28.g3 Ra4 29.Kg2 Ra3  1/2-1/2

[Event "HUN-chT9899"]
[Site "HUN"]
[Date "1999.??.??"]
[Round "?"]
[White "Gosztola, Istvan"]
[Black "Vajda, Szidonia"]
[Result "0-1"]
[WhiteElo "2230"]
[BlackElo "2270"]

1.e4 c5 2.c3 Nf6 3.d3 Nc6 4.f4 d6 5.Nf3 g6 6.Be2 Bg7 7.O-O O-O 8.Nbd2 b5
9.a4 b4 10.Nc4 d5 11.exd5 Nxd5 12.cxb4 Ncxb4 13.Nfe5 Qc7 14.Bf3 Be6 15.Qe2 Rad8
16.g3 Nb6 17.Rd1 Nxc4 18.Nxc4 Nxd3 19.Ne3 c4 20.Ra3 Qb6 21.a5 Qb5 22.Qc2 Nxc1
23.Rxc1 Qxb2 24.Ra2 Qxc2 25.Raxc2 Rd3 26.Kf2 Bd4  0-1

[Event "HUN-chT29899"]
[Site "HUN"]
[Date "1999.??.??"]
[Round "?"]
[White "Kun, Gabor"]
[Black "Mokcsay, Robert"]
[Result "1/2-1/2"]
[WhiteElo "2220"]
[BlackElo "2270"]

1.e4 c5 2.c3 Nf6 3.e5 Nd5 4.d4 cxd4 5.Qxd4 e6 6.Nf3 Nc6 7.Qe4 d6 8.Nbd2 Nb6
9.exd6 Bxd6 10.Nc4 Be7 11.Nxb6 Qxb6 12.Bd3 Bf6 13.O-O Qa5 14.Bf4 Qd5 15.Rfd1 Qxe4
16.Bxe4 Bd7 17.Rd2 h6 18.Rad1 O-O-O 19.Be3 b6 20.Bf4 Be8 21.Rxd8+ Bxd8 22.Ne5 Nxe5
23.Bxe5 f6 24.Bg3 Bc7 25.Bxc7 Kxc7 26.Kf1 Bh5 27.f3 f5 28.Bc2 Rd8 29.Rxd8 Kxd8
30.Kf2 f4 31.Ke2 Ke7 32.Be4 e5 33.Kd3 Kd6 34.b3 g5 35.h3 Bf7 36.c4 Be6 37.b4 h5
38.Bg6 g4 39.Bxh5 gxh3 40.gxh3 Bf5+ 41.Kc3 Bxh3 42.Bg6 Bf1 43.Be4 Be2 44.Ba8 Bd1
45.Be4 Ba4 46.Ba8 Bd7 47.Be4 Be8 48.Kd3 Ke6 49.Kc3 Bd7 50.Bd5+ Ke7 51.Be4 Bc8
52.Kd3 Kf6 53.Kc3 Be6 54.Kd3 Ke7  1/2-1/2

[Event "HUN-chT29899"]
[Site "HUN"]
[Date "1999.??.??"]
[Round "?"]
[White "Peredy, Ferenc"]
[Black "Demeny, Antal"]
[Result "1-0"]
[WhiteElo "2470"]
[BlackElo "2205"]

1.e4 c5 2.c3 Nf6 3.e5 Nd5 4.d4 cxd4 5.Nf3 e6 6.cxd4 Nc6 7.a3 d6 8.Bd3 dxe5
9.dxe5 Qc7 10.O-O Bd7 11.Qe2 Be7 12.Qe4 f5 13.exf6 gxf6 14.Bc4 f5 15.Qe2 O-O-O
16.Bxd5 exd5 17.Nc3 Be8 18.Nb5 Qd7 19.Bf4 a6 20.Ne5 Qe6 21.Nc7 Nd4 22.Qe3 Qb6
23.Na8 Qxb2 24.Nd3 Qe2 25.Nb6+  1-0

[Event "HUN-chT29899"]
[Site "HUN"]
[Date "1999.??.??"]
[Round "?"]
[White "Szittar, Antal"]
[Black "Tamas, Gyorgy"]
[Result "1/2-1/2"]
[WhiteElo "2150"]
[BlackElo "2165"]

1.e4 c5 2.c3 Nf6 3.e5 Nd5 4.Bc4 Nb6 5.Bb3 Nc6 6.Nf3 d5 7.d4 cxd4 8.cxd4 Bf5
9.a3 e6 10.O-O Be7 11.Nc3 Na5 12.Bc2 Bxc2 13.Qxc2 Rc8 14.b3 a6 15.Bd2 Nd7
16.Qb2 O-O 17.Rfc1 b5 18.Ne2 Qb6 19.Rxc8 Rxc8 20.Rc1 Rxc1+ 21.Nxc1 Nc6 22.Nd3 a5
23.b4 a4 24.Nc5 Qc7 25.Nxd7 Qxd7 26.Qc3 Na7 27.Kf1 Nc8 28.Ne1 Nb6 29.Nd3 Nc4
30.Bc1 Bd8 31.Nc5 Qe7 32.Qg3 Qh4 33.Qxh4 Bxh4 34.Ke2 Kf8 35.g3 Bd8 36.Kd3 Ke8
37.Kc3 Be7 38.Nd3 Kd7 39.h4 Kc6 40.f4 h5 41.Ne1 Kd7 42.Nc2 Bd8 43.Kd3 Be7  1/2-1/2

[Event "HUN-chT29899"]
[Site "HUN"]
[Date "1999.??.??"]
[Round "?"]
[White "Boricsev, Oleg"]
[Black "Pinter, Gabor"]
[Result "0-1"]
[WhiteElo "2375"]
[BlackElo "2135"]

1.e4 c5 2.c3 Nf6 3.e5 Nd5 4.d4 cxd4 5.Nf3 Nc6 6.Bc4 Nb6 7.Bb3 g6 8.Ng5 d5
9.cxd4 Bg7 10.O-O h6 11.Nf3 O-O 12.h3 Be6 13.Nc3 f6 14.Bc2 g5 15.Qd3 f5 16.a3 Qe8
17.h4 g4 18.Nh2 Qh5 19.Ne2 Rfc8 20.Nf4 Qf7 21.Be3 Bd7 22.Nxg4 fxg4 23.Qh7+ Kf8
24.Bg6 Qg8 25.e6 Be8 26.Rad1 Na5 27.h5 Qxh7 28.Bxh7 Bf6 29.Bf5 Kg7 30.Bxg4 Ba4
31.Rc1 Nb3 32.Rxc8 Rxc8 33.Rd1 Rc2 34.Ne2 Nc4 35.Ng3 Nxe3 36.fxe3 Rc1 37.Rxc1 Nxc1
38.Bf3 Bb3 39.Nf5+ Kh7 40.e4 Bc2 41.e5 Bxe5 42.Nxe7 Bxd4+ 43.Kf1 Bxb2 44.Nxd5 Kg7
45.Ne3 Ba4 46.Bxb7 Kf6 47.Bc8 Bxa3 48.Ng4+ Kg5 49.Bd7 Kxg4 50.Bxa4 Kxh5 51.Kf2 Kg5
52.Bb5 Nb3 53.Bc4 Nd2 54.Bd5 Kf4 55.Ke2 Ke5 56.Ba2 Ne4  0-1

[Event "Balaton op"]
[Site "Hungary"]
[Date "1999.??.??"]
[Round "3"]
[White "Galyas, Miklos"]
[Black "Trajber, Csaba"]
[Result "1-0"]
[WhiteElo "2440"]
[BlackElo "2055"]

1.e4 c5 2.c3 Nf6 3.e5 Nd5 4.d4 e6 5.Nf3 Nc6 6.c4 Nb6 7.d5 Nb4 8.a3 Na6 9.d6 f6
10.Bd3 Kf7 11.Nc3 Rb8 12.exf6 gxf6 13.Ne5+ Kg8 14.Qh5  1-0

[Event "Balaton op"]
[Site "Hungary"]
[Date "1999.??.??"]
[Round "3"]
[White "Horvath, Jeno Kalman"]
[Black "Nyaradi, Sandor"]
[Result "1/2-1/2"]
[WhiteElo "2165"]
[BlackElo "2300"]

1.e4 c5 2.c3 Nf6 3.e5 Nd5 4.d4 e6 5.Nf3 cxd4 6.cxd4 Nc6 7.Nc3 Nxc3 8.bxc3 d6
9.exd6 Bxd6 10.Bd3 Qa5 11.O-O Qxc3 12.Rb1 a6 13.Re1 Qa5 14.Qe2 Qh5 15.h3 O-O
16.Be4 Rb8 17.Bxc6 bxc6 18.Rxb8 Bxb8 19.Ne5 Qxe2 20.Rxe2 Bd6 21.Nc4 Bc7 22.Ba3 Rd8
23.Bc5 a5 24.Re1 Ba6 25.Ne5 Bb5 26.g3 f6 27.Ng4 Kf7 28.Ne3 a4 29.a3 Bd6 30.Bb6 Rd7
31.Nc2 Rb7 32.Ba5 Rd7 33.Bb6 e5 34.dxe5 Bxe5 35.Ne3 Rd3 36.Bc5 Bd6 37.Bxd6 Rxd6
38.Nf5 Rd7 39.g4 g6 40.Ng3 Rd3 41.Re3 Rd1+ 42.Kg2 Bc4 43.Ne4 Bd5 44.Kg3 Bxe4
45.Rxe4 Rd3+ 46.Kg2 Rxa3 47.Rc4 h5 48.gxh5 gxh5 49.Rxc6 Ra1 50.Rc5 Kg6 51.Ra5 a3
52.Kh2 a2 53.Kg2 f5 54.h4 Kf6 55.Kf3 Rh1 56.Rxa2 Rxh4 57.Ra8 Rg4 58.Rf8+ Ke6
59.Rh8 h4 60.Rh6+ Ke5 61.Rh8 Rc4 62.Re8+ Kf6 63.Rh8 Kg7 64.Rh5 Kf6 65.Rh6+ Kg5
66.Rh8 Rc3+ 67.Kg2 Kg4 68.Rg8+ Kf4 69.Rh8 Kg5 70.Rg8+ Kf6 71.Rf8+ Kg6 72.Rh8 Rc4
73.Kh3 Rf4 74.Rxh4 Rxf2 75.Kg3 Rc2 76.Rh8 Rc3+ 77.Kf4 Rc4+ 78.Kf3 Rc1 79.Ra8 Rf1+
80.Kg2 Re1 81.Kf3 Re6 82.Rg8+ Kf6 83.Ra8 Rc6 84.Rf8+ Kg6 85.Rg8+ Kf7 86.Ra8 Rc1
87.Ra6  1/2-1/2

[Event "Kiev-ch"]
[Site "Kiev"]
[Date "1999.??.??"]
[Round "10"]
[White "Kernazhitsky, Leonid"]
[Black "Strelnikov, Oleg"]
[Result "0-1"]
[WhiteElo "2413"]
[BlackElo "2390"]

1.e4 c5 2.c3 Nf6 3.e5 Nd5 4.Nf3 Nc6 5.Bc4 Nb6 6.Bb3 d5 7.exd6 c4 8.Bc2 e5
9.d4 exd4 10.Nxd4 Nxd4 11.Qxd4 Qxd6 12.Be3 Be6 13.Nd2 O-O-O 14.Qxd6 Bxd6
15.a4 Rhe8 16.O-O-O Bc7 17.a5 Nd7 18.Bxa7 Bd5 19.Nf3 Bxf3 20.gxf3 Re5 21.Bd4 Rxa5
22.Bxg7 Ra1+ 23.Kd2 Nc5+ 24.Bd4 Rxd1+ 25.Rxd1 Ne6 26.Bf5 Rd5 27.Be4 Rb5 28.Kc2 f5
29.Be3 fxe4 30.fxe4 Rh5 31.b3 cxb3+ 32.Kxb3 Rxh2 33.Rd5 h5 34.Rf5 h4 35.Kc4 Rh1
36.Kd5 Nd8 37.e5 h3 38.Rh5 h2 39.Bd4 Bxe5 40.Rxe5 Rd1  0-1

[Event "SLO-ch U20"]
[Site "Kranj"]
[Date "1999.??.??"]
[Round "?"]
[White "Praznik, Niko"]
[Black "Napast, Viktor"]
[Result "1-0"]
[WhiteElo "2229"]
[BlackElo "2125"]

1.e4 c5 2.c3 Nf6 3.e5 Nd5 4.Nf3 d6 5.d4 cxd4 6.cxd4 Bg4 7.Bc4 e6 8.O-O Nd7
9.h3 Bxf3 10.Qxf3 N5b6 11.Bb5 a6 12.Be2 Nd5 13.Nc3 Nxc3 14.bxc3 dxe5 15.Qxb7 Qc8
16.Bxa6 Qxb7 17.Bxb7 Ra7 18.Bc6 exd4 19.cxd4 Be7 20.a4 O-O 21.Be3 Rc7 22.Rfc1 Bb4
23.Rab1 Ba3 24.Rc3 Nb8 25.Rxa3 Rxc6 26.a5 Na6 27.Rb6 Rfc8 28.Rab3  1-0

[Event "La Coruna op 10th"]
[Site "La Coruna"]
[Date "1999.??.??"]
[Round "9"]
[White "San Claudio, Francisco Javier"]
[Black "Cubero, Rodrigo"]
[Result "1/2-1/2"]
[WhiteElo "2270"]
[BlackElo "2105"]

1.e4 c5 2.c3 Nf6 3.e5 Nd5 4.g3 e6 5.Bg2 Nc6 6.Nf3 d6 7.exd6 Bxd6 8.O-O O-O
9.d4 cxd4 10.cxd4 Qb6 11.Nc3 Nde7 12.Ne4 Bb8 13.b3 Rd8 14.Bg5 h6 15.Bxe7 Nxe7
16.Qc2 Bd7 17.Qc5 Qxc5 18.dxc5 Bc6 19.Rfe1 Bc7 20.b4 a5 21.bxa5 Bxa5 22.Re2 Bb4
23.Rb1 Nd5 24.Rc2 Ra5 25.Nd4 Rda8 26.Rc4 f5 27.Nd6 Bxc5 28.Nxb7 Bxb7 29.Rxb7 Bxd4
30.Rxd4 Kh7 31.g4 f4 32.Be4+ Kg8 33.Rd7 Nf6 34.Re7 Nxe4 35.Rxe4 e5 36.R7xe5 Rxe5
37.Rxe5 Rxa2 38.g5 Kh7 39.Kg2 Kg6 40.gxh6 Kxh6 41.h4 Kg6 42.Kf3 Ra4 43.Rg5+ Kf6
44.Kg4 g6 45.Rb5 Rc4 46.Rb6+ Kg7 47.Kg5 Rc5+ 48.Kxf4 Kh6 49.Kg4 Rc4+ 50.Kg3 Rc1
51.Rb5 Rg1+ 52.Kh2 Rg4 53.Kh3 Rg1 54.f3 Rh1+ 55.Kg3 Kg7 56.Rg5 Kh6 57.Re5 Kg7
58.Re4 Kh6 59.Rg4 Kh5 60.Rg5+ Kh6 61.Ra5 Kg7 62.Ra2 Kh6 63.Rh2 Rb1 64.Kg4 Rg1+
65.Kf4 Rb1 66.Rg2 Rh1 67.Rg4 Kh5 68.Rg5+ Kh6  1/2-1/2

[Event "Mancha Real-A 2nd"]
[Site "Mancha Real"]
[Date "1999.??.??"]
[Round "1"]
[White "Mellado Trivino, Juan"]
[Black "Candela Perez, Jose"]
[Result "1/2-1/2"]
[WhiteElo "2475"]
[BlackElo "2415"]

1.e4 c5 2.c3 Nf6 3.e5 Nd5 4.g3 d6 5.exd6 Qxd6 6.Bg2 Nc6 7.Ne2 Bg4 8.h3 Bh5
9.Na3 e6 10.g4 Bg6 11.d4 Be7 12.Nc4  1/2-1/2

[Event "Mancha Real-A 2nd"]
[Site "Mancha Real"]
[Date "1999.??.??"]
[Round "5"]
[White "Glavina Rossi, Pablo"]
[Black "Candela Perez, Jose"]
[Result "0-1"]
[WhiteElo "2425"]
[BlackElo "2415"]

1.e4 c5 2.c3 Nf6 3.d3 d5 4.e5 Nfd7 5.f4 Nc6 6.Nf3 Nb6 7.h3 f6 8.Qe2 fxe5
9.fxe5 g6 10.g3 Bg7 11.Bg2 Bf5 12.Na3 Qd7 13.Bf4 O-O 14.Nc2 h6 15.O-O-O d4
16.Rhe1 dxc3 17.bxc3 Na4 18.d4 Na5 19.e6 Qe8 20.Bd2 Rc8 21.d5 Nxc3 22.Bxc3 Bxc3
23.Ne3 Qa4 24.Nxf5 Qa3+ 25.Kb1 Qb4+ 26.Kc1 Qa3+ 27.Kb1 Qb4+ 28.Kc1 Rxf5 29.Rf1 Nc4
30.Rd3 Na3  0-1

[Event "Mendrisio op"]
[Site "Mendrisio"]
[Date "1999.??.??"]
[Round "2"]
[White "Murgia, Andrea"]
[Black "Mantovani, Renzo"]
[Result "0-1"]
[WhiteElo "2128"]
[BlackElo "2377"]

1.e4 c5 2.c3 Nf6 3.e5 Nd5 4.d4 cxd4 5.cxd4 e6 6.Nf3 b6 7.Bd2 Be7 8.Nc3 Bb7
9.Be2 O-O 10.O-O d6 11.Re1 Nd7 12.Rc1 dxe5 13.dxe5 Rc8 14.Bd3 Nb4 15.Bf1 Nc5
16.Nb5 Nbd3 17.Bxd3 Qxd3 18.Nbd4 Qg6 19.Re3 Rfd8 20.Bc3 Ne4 21.Qe1 h6 22.Rd1 Nxc3
23.bxc3 Rc4 24.g3 Bc5 25.Qe2 Ra4 26.Nh4 Qg5 27.f4 Qe7 28.Qb2 Qd7 29.Red3 Qd5  0-1

[Event "Mendrisio op"]
[Site "Mendrisio"]
[Date "1999.??.??"]
[Round "3"]
[White "Castaldo, Folco"]
[Black "Gallagher, Joseph G"]
[Result "1/2-1/2"]
[WhiteElo "2192"]
[BlackElo "2519"]

1.e4 c5 2.c3 Nf6 3.e5 Nd5 4.d4 cxd4 5.Nf3 e6 6.cxd4 d6 7.a3 Nc6 8.Bd3 g6
9.O-O Bg7 10.Qe2 O-O 11.Bd2 Qb6 12.Nc3 Nxc3 13.Bxc3 dxe5 14.dxe5 Rd8 15.Rad1 Bd7
16.Nd2 Be8 17.Nc4 Qc7 18.Bb1 Ne7 19.Nd6 Nd5 20.Bd4 Bc6 21.Qg4 Qe7 22.Rfe1 Rd7
23.Ne4 Qd8 24.Nd6 a6 25.h4 h5 26.Qg3 Ne7 27.Qf4 Nc8 28.Bc3 Qf8 29.Ne4 Rxd1
30.Rxd1 Bxe4 31.Bxe4 Rb8 32.Rd7 Nb6 33.Rxb7 Rxb7 34.Bxb7 Qb8 35.Bf3 Nd7 36.Qb4 Qxb4
37.axb4 Bxe5 38.Be2 Bxc3 39.bxc3 Nb8 40.f4 Kf8 41.b5 a5 42.Kf2 a4 43.Ke3 Ke7
44.Kd4 Nd7 45.Bd1 a3 46.Bb3 Kd6 47.Kc4 Nc5 48.Ba2 f6 49.Kb4 Nd3+ 50.Kxa3 Nxf4
51.Kb4 Nd3+ 52.Kc4 Nf4 53.Kb4 Nd3+ 54.Kc4  1/2-1/2